FUNDAMENTALS OF FOOD, NUTRITION AND DIET THEROPY (Record no. 22877)

MARC details
000 -LEADER
fixed length control field 00420nam a22001697a 4500
003 - CONTROL NUMBER IDENTIFIER
control field SGT
020 ## - INTERNATIONAL STANDARD BOOK NUMBER
International Standard Book Number 9789393159120
082 ## - DEWEY DECIMAL CLASSIFICATION NUMBER
Classification number 615.85
Item number P22M
100 ## - MAIN ENTRY--PERSONAL NAME
Personal name MUDAMBI, SUMATI. R.
245 ## - TITLE STATEMENT
Title FUNDAMENTALS OF FOOD, NUTRITION AND DIET THEROPY
250 ## - EDITION STATEMENT
Edition statement 7TH
260 ## - PUBLICATION, DISTRIBUTION, ETC. (IMPRINT)
Place of publication, distribution, etc NEW DELHI
Name of publisher, distributor, etc NEW. AGE. INTER NATIONAL
Year of Publication 2022
300 ## - PAGE DESCRIPTION
No. of Pages 410
650 ## - SUBJECT ADDED ENTRY--TOPICAL TERM
Topical term or geographic name as entry element NUTRITION
653 ## - KEYWORDS--INDEX TERM
Keyword term FOOD, NUTRITION. DIET
942 ## - ADDED ENTRY ELEMENTS (KOHA)
Source of classification or shelving scheme Dewey Decimal Classification
Koha item type Books
Holdings
Withdrawn status Lost status Source of classification or shelving scheme Damaged status Use restrictions Not for loan Collection code Home library Current library Shelving location Date acquired Vendor Name Cost, normal purchase price SGTU Bill Number Full call number Accession No. (Barcode) Date last seen Bill Date Koha item type
    Dewey Decimal Classification   Restricted Access   AYURVEDA SGT FA-FP Library SGT FA-FP Library Reference Book 20/06/2022 AHUJA PUBLICATION 399.00 SGTU 14473 615.85 P22M FA11361 20/06/2022 19/05/2022 Books